LDR 01067naa#a2200169#i#450# 001 RU\\bibl\20039 005 20260702032529.4 100 ## _a20260630b2026####ek#y0rusy0150####ca 102 ## _aRU 200 1# _aСРАВНИТЕЛЬНЫЙ АНАЛИЗ МЕТОДОВ МОДЕЛИРОВАНИЯ ИНФОРМАЦИОННЫХ СИСТЕМ И ИХ ПРИМЕНИМОСТЬ НА РАЗЛИЧНЫХ ЭТАПАХ ЖИЗНЕННОГО ЦИКЛА ИНФОРМАЦИОННЫХ СИСТЕМ _eСтатья/тезисы конференции 210 1# _aВоронеж _cВоронежский государственный лесотехнический университет имени Г.Ф. Морозова _d2026 215 ## _a6 с. 608 ## _aСтатья/тезисы конференции _2local 675 ## _aИнформационные технологии. Компьютерные технологии. Теория вычислительных машин и систем. 004 _z 700 #1 _aЧередникова _gО. Н. 700 #1 _aТюнина _gА. М. 856 4# _abibl.vgltu.ru _u